000
00277nam a2200109Ia 4500
008
200302s9999 xx 000 0 und d
100
_a
Miyoung Pyo
245
_a
Construction and design manual architectural diagrams 1
260
_b
Dom Publishrs
260
_c
2015
300
_a
383
999
_c
6548
_d
6548